Conflict over service area on M25 (Record no. 65450)

MARC details
000 -LEADER
fixed length control field 00909cam a2200181 4500
001 - CONTROL NUMBER
control field WB3647-24
008 - FIXED-LENGTH DATA ELEMENTS--GENERAL INFORMATION
fixed length control field 000000n2000 000 0 eng u
035 ## - SYSTEM CONTROL NUMBER
System control number (Sirsi) u109631
245 ## - TITLE STATEMENT
Title Conflict over service area on M25
260 ## - PUBLICATION, DISTRIBUTION, ETC.
Date of publication, distribution, etc. 2000
490 ## - SERIES STATEMENT
Series statement Estates Gazette Case Summaries
Volume/sequential designation [2000] EGCS 129(2) (25/11/00)
520 ## - SUMMARY, ETC.
Summary, etc. "Elmbridge BC and another; Totalfina Great Britain Ltd; Hadmere Ltd and another; Avalon Enterprises Ltd v SSETR and others" QBD: Administrative Court 10 December 2000, which examined proposals for a motorway service area on the M25 and the handling of the inquiry into the Downside site which was challenged by the promoters of other potential sites. Held, the challenges were successful.
590 ## - LOCAL NOTE (RLIN)
Local note WB
650 ## - SUBJECT ADDED ENTRY--TOPICAL TERM
Topical term or geographic name entry element MOTORWAY SERVICE AREAS
650 ## - SUBJECT ADDED ENTRY--TOPICAL TERM
Topical term or geographic name entry element ENVIRONMENTAL ASSESSMENT
690 ## - LOCAL SUBJECT ADDED ENTRY--TOPICAL TERM (OCLC, RLIN)
Topical term or geographic name as entry element ENVIRONMENTAL AND LAND CONSULTANCY-PLANNING AND DEVELOPMENT
942 ## - ADDED ENTRY ELEMENTS (KOHA)
Suppress in OPAC 0
Holdings
Withdrawn status Lost status Source of classification or shelving scheme Damaged status Not for loan Home library Current library Shelving location Date acquired Total Checkouts Full call number Barcode Date last seen Copy number Price effective from Koha item type
    Dewey Decimal Classification     London London News article 30/11/2000   WB3647-24 109631-1001 06/08/2019 1 06/08/2019 News article